[Event "Donostia Spring op 09th"]
[Site "Donostia"]
[Date "2013.04.27"]
[Round "3"]
[White "Navarro Navarro, Juan Manuel"]
[Black "Fidalgo Carreras, Miguel Angel"]
[Result "1-0"]
[WhiteElo "1913"]
[BlackElo "1833"]
[PlyCount "111"]
[EventDate "2013.04.19"]
[EventType "swiss"]
[EventRounds "8"]
[EventCountry "ESP"]
[SourceTitle "EXT 2024"]
[Source "ChessBase"]
[SourceDate "2023.10.10"]
[SourceVersion "1"]
[SourceVersionDate "2023.10.10"]
[SourceQuality "1"]

1. e4 Nf6 2. e5 Nd5 3. d4 d6 4. Nf3 Bg4 5. Be2 e6 6. c4 Nb6 7. 0-0 Nc6 8. exd6 cxd6 9. Nbd2 d5 10. c5 Nd7 11. b4 a6 12. Qb3 Be7 13. h3 Bxf3 14. Nxf3 Bf6 15. Bb2 0-0 16. a4 e5 17. Rad1 e4 18. Ne1 Ne7 19. Nc2 Nb8 20. b5 Qc7 21. Ne3 Rd8 22. Ng4 Nd7 23. Ne3 Nf8 24. Rc1 Ne6 25. Rfd1 g6 26. Bf1 Bg5 27. Rc2 Nf4 28. Ng4 h5 29. Nh2 Nf5 30. Bc1 Bf6 31. Be3 Ne6 32. bxa6 bxa6 33. Qb6 Qxb6 34. cxb6 Bxd4 35. Bxd4 Nfxd4 36. Rb2 Nc6 37. b7 Rab8 38. Rb6 Na5 39. Bxa6 Nc5 40. Rdb1 Nxa6 41. Rxa6 Rxb7 42. Rxb7 Nxb7 43. Ra7 Nc5 44. Kf1 d4 45. Ke1 d3 46. a5 d2+ 47. Kd1 Nd3 48. Kxd2 Rd5 49. Ke3 f5 50. g4 Ne5 51. gxh5 gxh5 52. Ke2 Nc4 53. Nf1 Nxa5 54. Ng3 Nc4 55. Nxh5 Nb2 56. Nf6+ 1-0